LEADER 03861nam 2200589 450 001 9910511701303321 005 20170919195504.0 010 $a90-04-31635-3 024 7 $a10.1163/9789004316355 035 $a(CKB)3710000000730276 035 $a(SSID)ssj0001681235 035 $a(PQKBManifestationID)16432506 035 $a(PQKBTitleCode)TC0001681235 035 $a(PQKBWorkID)14965861 035 $a(PQKB)11366785 035 $a(PQKBManifestationID)16507559 035 $a(PQKB)23705426 035 $a(MiAaPQ)EBC4561832 035 $a(OCoLC)946610533 035 $a(nllekb)BRILL9789004316355 035 $a(EXLCZ)993710000000730276 100 $a20160809h20162016 uy 0 101 0 $aeng 135 $aurcnu|||||||| 181 $ctxt 182 $cc 183 $acr 200 02$aA companion to the Swiss Reformation /$fedited by Amy Nelson Burnett and Emidio Campi ; contributors Irena Backus [and thirteen others] 210 1$aLeiden, Netherlands ;$aBoston, [Massachusetts] :$cBrill,$d2016. 210 4$dİ2016 215 $a1 online resource (681 pages) $cillustrations, maps 225 1 $aBrill's Companions to the Christian Tradition,$x1871-6377 ;$vVolume 72 300 $aIncludes index. 311 $a90-04-30102-X 320 $aIncludes bibliographical references and index. 327 $tPreliminary Material /$rAmy Nelson Burnett and Emidio Campi -- $tIntroduction /$rAmy Nelson Burnett and Emidio Campi -- $tThe Swiss Confederation Before the Reformation /$rRegula Schmid -- $tThe Reformation in Zurich /$rEmidio Campi -- $tThe Reformation in Bern /$rMartin Sallmann -- $tThe Reformation in Basel /$rAmy Nelson Burnett -- $tThe Reformation in Schaffhausen /$rErich Bryner -- $tThe Reformation in St. Gallen and Appenzell /$rErich Bryner -- $tFailed Reformations /$rSundar Henny -- $tThe Reformation in the Three Leagues (Grisons) /$rJan-Andrea Bernhard -- $tFrancophone Territories Allied to the Swiss Confederation /$rMichael W. Bruening -- $tThe Swiss Anabaptists /$rAndrea Strübind -- $tTheological Profile /$rEmidio Campi -- $tPolity and Worship in the Swiss Reformed Churches /$rBruce Gordon -- $tSchools and Education, 1500?1600 /$rKarin Maag -- $tSwiss Society: Family, Gender, and the Poor /$rKaspar von Greyerz -- $tReformation Culture /$rIrena Backus -- $tReligious Stalemate and Confessional Alignments: Dynamics and Stagnation in the Confederation from 1531 to 1618 /$rThomas Maissen -- $tIndex /$rAmy Nelson Burnett and Emidio Campi. 330 $aA Companion to the Swiss Reformation describes the course of the Protestant Reformation in the Swiss Confederation over the course of the sixteenth century. Its essays examine the successes as well as the failures of the reformation movement, considering not only the institutional churches but also the spread of Anabaptism. The volume highlights the different form that the Reformation took among the members of the Confederation and its allied territories, and it describes the political, social and cultural consequences of the Reformation for the Confederation as a whole. Contributors are: Irena Backus, Jan-Andrea Bernhard, Amy Nelson Burnett, Michael W. Bruening, Erich Bryner, Emidio Campi, Bruce Gordon, Kaspar von Greyerz, Sundar Henny, Karin Maag, Thomas Maissen, Regula Schmid-Keeling, Martin Sallmann, and Andrea Strübind. 410 0$aBrill's companions to the Christian tradition ;$vVolume 72. 606 $aReformation$zSwitzerland 608 $aElectronic books. 615 0$aReformation 676 $a274.94/06 702 $aBurnett$b Amy Nelson$f1957- 702 $aCampi$b Emidio 702 $aBackus$b Irena 801 0$bMiAaPQ 801 1$bMiAaPQ 801 2$bMiAaPQ 906 $aBOOK 912 $a9910511701303321 996 $aA companion to the Swiss Reformation$92548287 997 $aUNINA LEADER 02140nam 22007093u 450 001 9910778966303321 005 20230124181245.0 010 $a0-8330-4360-9 010 $a0-585-38376-6 035 $a(CKB)111004368714986 035 $a(EBL)3031494 035 $a(SSID)ssj0000199985 035 $a(PQKBManifestationID)12058705 035 $a(PQKBTitleCode)TC0000199985 035 $a(PQKBWorkID)10197200 035 $a(PQKB)11673619 035 $a(MiAaPQ)EBC3031494 035 $a(EXLCZ)99111004368714986 100 $a20151005d2001|||| u|| | 101 0 $aeng 135 $aur|n|---||||| 181 $ctxt 182 $cc 183 $acr 200 10$aMeasuring national power in the postindustrial age$b[electronic resource] 210 $aSanta Monica $cRAND Corporation, The$d2001 215 $a1 online resource (201 p.) 300 $aDescription based upon print version of record. 311 $a0-8330-2792-1 606 $aElectronic books. -- local 606 $aIndustrial capacity 606 $aIndustrial mobilization 606 $aMilitary readiness 606 $aMilitary readiness 606 $aIndustrial capacity 606 $aIndustrial mobilization 606 $aArmies$2HILCC 606 $aMilitary & Naval Science$2HILCC 606 $aLaw, Politics & Government$2HILCC 615 4$aElectronic books. -- local. 615 4$aIndustrial capacity. 615 4$aIndustrial mobilization. 615 4$aMilitary readiness. 615 0$aMilitary readiness 615 0$aIndustrial capacity 615 0$aIndustrial mobilization 615 7$aArmies 615 7$aMilitary & Naval Science 615 7$aLaw, Politics & Government 676 $a355/.0332 700 $aTellis$b Ashley J$0673953 701 $aLayne$b Christopher$0472263 701 $aBially$b Janice L$01489145 712 02$aArroyo Center 712 02$aUnited States Army. 801 0$bAU-PeEL 801 1$bAU-PeEL 801 2$bAU-PeEL 906 $aBOOK 912 $a9910778966303321 996 $aMeasuring national power in the postindustrial age$93709704 997 $aUNINA